[Event "London Classic U1600 op 10th"]
[Site "London"]
[Date "2018.12.14"]
[Round "1"]
[White "Tang, Ivan"]
[Black "Bowcott Terry, Silas"]
[Result "1/2-1/2"]
[WhiteElo "1015"]
[BlackElo "1442"]
[PlyCount "137"]
[EventDate "2018.12.14"]
[EventType "swiss"]
[EventRounds "5"]
[EventCountry "ENG"]
[SourceTitle "CBM 187 Extra"]
[Source "ChessBase"]
[SourceDate "2018.11.04"]
[SourceVersion "1"]
[SourceVersionDate "2018.11.04"]
[SourceQuality "1"]

1. e4 c5 2. Nc3 g6 3. Bc4 Bg7 4. Nge2 d6 5. d3 Nf6 6. 0-0 Nc6 7. Nd5 0-0 8. Nxf6+ Bxf6 9. c3 Qc7 10. Bb5 Ne5 11. d4 Ng4 12. Nf4 a6 13. Be2 Qd7 14. Bxg4 Qxg4 15. Qxg4 Bxg4 16. Nd5 cxd4 17. Nxf6+ exf6 18. cxd4 Rfe8 19. f3 Bd7 20. Bf4 Rad8 21. Rf2 Bb5 22. a4 Bc4 23. Rc1 Bb3 24. Rc7 Bxa4 25. Rxb7 Bb5 26. Rb6 g5 27. Bxd6 Rc8 28. h3 Rc1+ 29. Kh2 Kg7 30. f4 Rxe4 31. fxg5 fxg5 32. Be5+ Kf8 33. Rb8+ Ke7 34. Bf6+ Ke6 35. Rb6+ Kd5 36. Bxg5 Rc7 37. Rff6 Kxd4 38. Rbd6+ Kc5 39. Rd2 Kb4 40. Kg3 Re2 41. Rf4+ Kb3 42. Rf3+ Ka2 43. b3+ Rxd2 44. Bxd2 Rd7 45. Bc1 Rd1 46. Bg5 Rd3 47. Rxd3 Bxd3 48. Kf3 Kxb3 49. Ke3 Bg6 50. Kd2 a5 51. Kc1 a4 52. Bf6 a3 53. g4 h6 54. h4 a2 55. h5 Be4 56. Be5 Bf3 57. g5 hxg5 58. h6 Be4 59. Ba1 g4 60. Kd2 g3 61. Ke3 Bg6 62. Kf3 Kc2 63. Kxg3 Kb1 64. Bf6 a1Q 65. Bxa1 Kxa1 66. Kg4 Kb2 67. Kg5 Kc3 68. Kf6 Kd4 69. h7 1/2-1/2